| 000 | 00486nam a2200157 4500 | ||
|---|---|---|---|
| 008 | 0 1997 0a 000 0MEX | ||
| 020 | _a84-89660-01-8 | ||
| 050 | _aTK5103 S73 1997 | ||
| 082 | _a001.644.04 S782c | ||
| 100 | _aStallings, William | ||
| 245 | _aComunicación y redes de computadores / William Stallings | ||
| 250 | _a5 | ||
| 260 | _aMadrid, EspaƱa : Prentice Hall | ||
| 300 | _axvi, 792 p. / 27 cm. | ||
| 650 | _a1.COMUNICACION Y REDES \ 2.REDES DE COMPUTADORAS | ||
| 999 |
_c15945 _d15945 |
||